[Event "NED-ch55"]
[Site "Rotterdam"]
[Date "2000.05.17"]
[Round "9"]
[White "Tiviakov, Sergei"]
[Black "Van der Sterren, Paul"]
[Result "0-1"]
[WhiteElo "2567"]
[BlackElo "2526"]
[PlyCount "92"]
[EventDate "2000.05.07"]
[EventType "tourn"]
[EventRounds "11"]
[EventCountry "NED"]
[EventCategory "12"]
[SourceTitle "CBM 077"]
[Source "ChessBase"]
[SourceDate "2000.07.27"]
[SourceVersion "1"]
[SourceVersionDate "2000.07.27"]
[SourceQuality "1"]

1. e4 c5 2. Nf3 e6 3. d4 cxd4 4. Nxd4 Nc6 5. Nc3 Qc7 6. g3 a6 7. Bg2 Nf6 8. 0-0 Nxd4 9. Qxd4 Bc5 10. Bf4 d6 11. Qd2 h6 12. Rad1 e5 13. Be3 Be6 14. Bxc5 dxc5 15. f4 0-0 16. Qd6 Qa5 17. f5 Bc4 18. Rfe1 Rfe8 19. Qd2 Rad8 20. Qe3 Rd4 21. a4 Red8 22. Bf3 Qb4 23. Rb1 Rd2 24. Red1 Rxd1+ 25. Bxd1 b5 26. axb5 Bxb5 27. Bf3 Qd4 28. Re1 Qd2 29. Nxb5 axb5 30. Re2 Qd1+ 31. Kg2 c4 32. Qc5 Rd2 33. Rxd2 Qxd2+ 34. Qf2 Qc1 35. c3 Qb1 36. Qe2 Nd7 37. Qd2 Nc5 38. Qd5 Nd3 39. Qxb5 Ne1+ 40. Kf2 Nd3+ 41. Kg2 Qc2+ 42. Kh3 Nf2+ 43. Kh4 Qd2 44. Qe8+ Kh7 45. Qe7 f6 46. g4 Qf4 0-1

[Event "NED-ch55"]
[Site "Rotterdam"]
[Date "2000.05.15"]
[Round "8"]
[White "Van der Sterren, Paul"]
[Black "Grooten, Herman"]
[Result "1-0"]
[WhiteElo "2526"]
[BlackElo "2393"]
[PlyCount "139"]
[EventDate "2000.05.07"]
[EventType "tourn"]
[EventRounds "11"]
[EventCountry "NED"]
[EventCategory "12"]
[SourceTitle "CBM 077"]
[Source "ChessBase"]
[SourceDate "2000.07.27"]
[SourceVersion "1"]
[SourceVersionDate "2000.07.27"]
[SourceQuality "1"]

1. d4 Nf6 2. Nf3 e6 3. g3 b5 4. Nbd2 Bb7 5. Nb3 d6 6. a4 b4 7. Bg2 Nbd7 8. 0-0 a5 9. c4 Be7 10. Ne1 Qc8 11. d5 Nb6 12. dxe6 fxe6 13. Qc2 c5 14. Nd2 0-0 15. b3 Ra7 16. Bb2 Bxg2 17. Nxg2 e5 18. Ne3 Nh5 19. Ne4 Qh3 20. Rad1 Nc8 21. Nd5 Bd8 22. Bc1 h6 23. f3 Qe6 24. Be3 Raf7 25. Kg2 g5 26. h3 Qg6 27. Qd3 Rg7 28. Kh2 Kh8 29. Bc1 Qe6 30. Bb2 Kg8 31. Ne3 Be7 32. Qd5 Rg6 33. Qxe6+ Rxe6 34. Rd3 Ng7 35. Nd5 Nf5 36. e3 Rf7 37. Nd2 Bf8 38. Ne4 Kh7 39. Rf2 Kg6 40. g4 Nh4 41. Kg3 Bg7 42. Rd1 Re8 43. Re1 Ref8 44. f4 Kh7 45. f5 Rd8 46. Rd1 Rdd7 47. Kh2 Kh8 48. Kg1 Bf8 49. Kf1 Ra7 50. Ke2 Kg7 51. Bc1 Rfb7 52. Bd2 Kf7 53. Be1 Nb6 54. Nxb6 Rxb6 55. Rf1 Ke8 56. Bxh4 gxh4 57. f6 Kf7 58. Rf5 Kg6 59. Rh5 Rf7 60. Rxh4 Rxf6 61. Nxf6 Kxf6 62. Kf3 Rb7 63. Ke4 Ke6 64. Rh5 Bg7 65. h4 Bf8 66. Rf1 Bg7 67. g5 hxg5 68. Rxg5 Re7 69. Rg6+ Kd7 70. Rd1 1-0

[Event "Bundesliga 9900"]
[Site "Germany"]
[Date "2000.03.12"]
[Round "12.2"]
[White "Van der Sterren, Paul"]
[Black "Beim, Valery"]
[Result "1/2-1/2"]
[WhiteElo "2526"]
[BlackElo "2563"]
[PlyCount "47"]
[EventDate "1999.10.09"]
[EventType "team-tourn"]
[EventRounds "15"]
[EventCountry "GER"]
[SourceTitle "CBM 076"]
[Source "ChessBase"]
[SourceDate "2000.05.31"]
[SourceVersion "1"]
[SourceVersionDate "2000.05.31"]
[SourceQuality "1"]
[WhiteTeam "Castrop Rauxel"]
[BlackTeam "Tegernsee"]
[WhiteTeamCountry "GER"]
[BlackTeamCountry "GER"]

1. d4 f5 2. g3 Nf6 3. Bg2 g6 4. c4 Bg7 5. Nc3 d6 6. Nf3 0-0 7. 0-0 c6 8. d5 e5 9. dxe6 Bxe6 10. b3 Na6 11. Ng5 Qe7 12. Ba3 Rad8 13. Nxe6 Qxe6 14. Qc2 Nc5 15. Bxc5 dxc5 16. Rad1 Ng4 17. Rxd8 Rxd8 18. Rd1 Re8 19. Bf3 Nxf2 20. Kxf2 Qe3+ 21. Kg2 Qxc3 22. Qxc3 Bxc3 23. Rd7 Rb8 24. g4 1/2-1/2

[Event "NED-chT 9900"]
[Site "Netherlands"]
[Date "2000.02.27"]
[Round "4"]
[White "Van der Sterren, Paul"]
[Black "Reinderman, Dimitri"]
[Result "1-0"]
[WhiteElo "2526"]
[BlackElo "2561"]
[PlyCount "71"]
[EventDate "2000.02.05"]
[EventType "team-tourn"]
[EventRounds "9"]
[EventCountry "NED"]
[SourceTitle "CBM 074 Extra"]
[Source "ChessBase"]
[SourceDate "2000.03.10"]
[SourceVersion "2"]
[SourceVersionDate "2000.03.10"]
[SourceQuality "1"]
[WhiteTeam "Hilversum HSG"]
[BlackTeam "Bussum"]
[WhiteTeamCountry "NED"]
[BlackTeamCountry "NED"]

1. d4 Nf6 2. c4 g6 3. Nc3 Bg7 4. e4 d6 5. Be2 0-0 6. Nf3 c5 7. d5 e6 8. 0-0 Re8 9. Bf4 exd5 10. exd5 Ne4 11. Nxe4 Rxe4 12. Bg5 Bf6 13. Bd3 Re8 14. Qd2 Bxg5 15. Nxg5 f6 16. Ne6 Bxe6 17. dxe6 Rxe6 18. Be4 Rxe4 19. Qd5+ Kf8 20. Qxe4 Nc6 21. Rfe1 Rc8 22. Qd5 Rc7 23. Re6 Rd7 24. Rae1 Ne5 25. f4 Nf7 26. Qe4 Kg7 27. Re8 Qa5 28. Qe6 Rc7 29. Qd5 Qxa2 30. R8e7 Rxe7 31. Rxe7 Qb1+ 32. Kf2 Qxb2+ 33. Kg3 Qc3+ 34. Kh4 g5+ 35. Kh5 Kf8 36. Qxf7# 1-0

[Event "Bundesliga 9900"]
[Site "Germany"]
[Date "2000.02.20"]
[Round "11.2"]
[White "Van der Sterren, Paul"]
[Black "Rustemov, Alexander"]
[Result "1-0"]
[WhiteElo "2526"]
[BlackElo "2553"]
[PlyCount "95"]
[EventDate "1999.10.09"]
[EventType "team-tourn"]
[EventRounds "15"]
[EventCountry "GER"]
[SourceTitle "CBM 074 Extra"]
[Source "ChessBase"]
[SourceDate "2000.03.10"]
[SourceVersion "2"]
[SourceVersionDate "2000.03.10"]
[SourceQuality "1"]
[WhiteTeam "Castrop Rauxel"]
[BlackTeam "Wattenscheid"]
[WhiteTeamCountry "GER"]
[BlackTeamCountry "GER"]

1. c4 b6 2. d4 Bb7 3. Nc3 e6 4. a3 f5 5. Nf3 Nf6 6. g3 g6 7. Bg2 Bg7 8. d5 0-0 9. 0-0 Na6 10. Rb1 Nc5 11. Nd2 exd5 12. cxd5 Re8 13. Qc2 d6 14. b4 Ncd7 15. Nb3 a6 16. Rd1 Qe7 17. Nd4 Nf8 18. Bg5 Rac8 19. Rbc1 Qf7 20. Bxf6 Qxf6 21. e3 Qf7 22. Nc6 Bxc6 23. dxc6 Kh8 24. Nd5 Ne6 25. f4 Ra8 26. Qb3 Ra7 27. Bf1 Rb8 28. Re1 a5 29. Nc3 Bxc3 30. Qxc3+ Qg7 31. Qb3 Nf8 32. e4 axb4 33. axb4 Rba8 34. Qd5 Ra4 35. Bc4 b5 36. Bxb5 Rxb4 37. Bc4 Rba4 38. exf5 Rxc4 39. Rxc4 Ra1 40. Rcc1 Rxc1 41. Rxc1 gxf5 42. Qxf5 Qd4+ 43. Kh1 Ng6 44. Qe6 Ne5 45. Qf6+ Kg8 46. fxe5 Qe4+ 47. Kg1 Qe3+ 48. Kg2 1-0

[Event "Bundesliga 9900"]
[Site "Germany"]
[Date "2000.01.30"]
[Round "9.2"]
[White "Van der Sterren, Paul"]
[Black "Hodgson, Julian M"]
[Result "1/2-1/2"]
[WhiteElo "2526"]
[BlackElo "2625"]
[PlyCount "52"]
[EventDate "1999.10.09"]
[EventType "team-tourn"]
[EventRounds "15"]
[EventCountry "GER"]
[SourceTitle "CBM 074 Extra"]
[Source "ChessBase"]
[SourceDate "2000.03.10"]
[SourceVersion "2"]
[SourceVersionDate "2000.03.10"]
[SourceQuality "1"]
[WhiteTeam "Castrop Rauxel"]
[BlackTeam "Delmenhorst"]
[WhiteTeamCountry "GER"]
[BlackTeamCountry "GER"]

1. c4 e5 2. Nc3 Bb4 3. Nd5 Be7 4. d4 d6 5. g3 Nf6 6. Nxe7 Qxe7 7. Bg2 exd4 8. Qxd4 Nc6 9. Qc3 0-0 10. Bg5 Re8 11. Bxf6 Qxf6 12. Qxf6 gxf6 13. f4 Be6 14. b3 a5 15. Nf3 a4 16. Kf2 d5 17. cxd5 Bxd5 18. Rhd1 Nb4 19. Ne1 Bxg2 20. Nxg2 c5 21. bxa4 Rxa4 22. a3 Nc6 23. e3 Rd8 24. Rxd8+ Nxd8 25. Rd1 Nc6 26. Rd7 c4 1/2-1/2

[Event "Bundesliga 9900"]
[Site "Germany"]
[Date "2000.01.29"]
[Round "8.2"]
[White "Babula, Vlastimil"]
[Black "Van der Sterren, Paul"]
[Result "0-1"]
[WhiteElo "2573"]
[BlackElo "2526"]
[PlyCount "52"]
[EventDate "1999.10.09"]
[EventType "team-tourn"]
[EventRounds "15"]
[EventCountry "GER"]
[SourceTitle "CBM 074 Extra"]
[Source "ChessBase"]
[SourceDate "2000.03.10"]
[SourceVersion "2"]
[SourceVersionDate "2000.03.10"]
[SourceQuality "1"]
[WhiteTeam "Werder Bremen"]
[BlackTeam "Castrop Rauxel"]
[WhiteTeamCountry "GER"]
[BlackTeamCountry "GER"]

1. d4 Nf6 2. c4 e6 3. Nc3 Bb4 4. e3 c5 5. Bd3 Nc6 6. Nf3 Bxc3+ 7. bxc3 d6 8. 0-0 e5 9. Nd2 0-0 10. Rb1 Qc7 11. h3 b6 12. f4 exd4 13. cxd4 cxd4 14. exd4 Re8 15. Kh1 Nxd4 16. Bb2 Bf5 17. Bxf5 Nxf5 18. Bxf6 Ng3+ 19. Kg1 Qc5+ 20. Kh2 Nxf1+ 21. Nxf1 gxf6 22. Ng3 Kh8 23. Rb5 Qf2 24. Qa1 Re6 25. Rf5 Rg8 26. Qc3 Rg6 0-1

[Event "Den Bosch"]
[Site "Hertogenbosch"]
[Date "1999.11.25"]
[Round "8"]
[White "Bosch, Jeroen"]
[Black "Van der Sterren, Paul"]
[Result "0-1"]
[WhiteElo "2433"]
[BlackElo "2535"]
[PlyCount "72"]
[EventDate "1999.11.18"]
[EventType "tourn"]
[EventRounds "9"]
[EventCountry "NED"]
[EventCategory "7"]
[SourceTitle "CBM 073 Extra"]
[Source "ChessBase"]
[SourceDate "2000.01.11"]
[SourceVersion "1"]
[SourceVersionDate "2000.01.11"]
[SourceQuality "1"]

1. e4 d6 2. d4 Nf6 3. Nc3 g6 4. Nf3 Bg7 5. h3 c6 6. Be3 b5 7. e5 dxe5 8. dxe5 Qxd1+ 9. Rxd1 Nfd7 10. Bd4 Nf8 11. Bd3 Ne6 12. Be3 Bb7 13. Be4 a6 14. a4 b4 15. Ne2 Nd7 16. Ned4 Nxe5 17. Nxe5 Bxe5 18. Nxe6 fxe6 19. Bd4 Bf6 20. 0-0 0-0-0 21. Bc5 a5 22. Bb6 Rxd1 23. Rxd1 Bxb2 24. Bd3 e5 25. Bxa5 c5 26. Bc4 Bd4 27. Be6+ Kb8 28. c3 bxc3 29. Rc1 Rf8 30. Bxc3 Bxf2+ 31. Kh2 Bd4 32. Be1 Rf1 33. Rb1 Ka7 34. Bc4 Rg1 35. Kg3 Rxg2+ 36. Kh4 Bf3 0-1